Cardiac Manifestions In Chronic Chest Problems With Echo Findings / (رقم التسجيلة. 179673)

تفاصيل مارك
000 -LEADER
fixed length control field 01406namaa22003251i 4500
005 - أخر تعامل مع التسجيلة
control field 20260422132322.0
008 - FIXED-LENGTH DATA ELEMENTS--GENERAL INFORMATION
fixed length control field 260422s1995 ua a|||frm||| 000 0 eng d
040 ## - CATALOGING SOURCE
Original cataloguing agency EG-GICUC
Language of cataloging eng
Transcribing agency EG-GICUC
Modifying agency EG-GICUC
Description conventions rda
041 0# - LANGUAGE CODE
Language code of text/sound track or separate title eng
Language code of summary or abstract eng
-- ara
049 ## - Acquisition Source
Acquisition Source Deposite
097 ## - Degree
Degree M.Sc
099 ## - LOCAL FREE-TEXT CALL NUMBER (OCLC)
Local Call Number Cai01.11.24/28.M.Sc.1995.Je.C.
100 0# - MAIN ENTRY--PERSONAL NAME
Authority record control number or standard number Jehan Ahmed Sami Khalil,
Preparation preparation.
245 10 - TITLE STATEMENT
Title Cardiac Manifestions In Chronic Chest Problems With Echo Findings /
Statement of responsibility, etc. By Jehan Ahmed Sami Khalil; Under Supervision Of Prof. Dr. Samiha Samuel Wissa, Dr. Hala Hussein Abd EL-aal, Dr. Nadia Kotb.
246 15 - VARYING FORM OF TITLE
Title proper/short title الاعراض القلبيه للامراض الصدرية المزمنة مع نتائج الاشعة فوق الصوتيه /
264 #0 - PRODUCTION, PUBLICATION, DISTRIBUTION, MANUFACTURE, AND COPYRIGHT NOTICE
Date of production, publication, distribution, manufacture, or copyright notice 1995.
300 ## - PHYSICAL DESCRIPTION
Extent 149 pages :
Other physical details illustrations ;
Dimensions 30 cm. +
336 ## - CONTENT TYPE
Source rda content
Content type term text
337 ## - MEDIA TYPE
Source rdamedia
Media type term Unmediated
338 ## - CARRIER TYPE
Source rdacarrier
Carrier type term volume
502 ## - DISSERTATION NOTE
Dissertation note Thesis (M.Sc.) -Cairo University, 1995.
504 ## - BIBLIOGRAPHY, ETC. NOTE
Bibliography, etc. note Bibliography: pages 135-149.
653 #0 - INDEX TERM--UNCONTROLLED
Uncontrolled term Pediatrics
700 0# - ADDED ENTRY--PERSONAL NAME
Personal name Samiha Samuel Wissa
Relator term thesis advisor.
700 0# - ADDED ENTRY--PERSONAL NAME
Personal name Hala Hussein Abd EL-aal
Relator term thesis advisor.
700 0# - ADDED ENTRY--PERSONAL NAME
Personal name Nadia Kotb
Relator term thesis advisor.
900 ## - Thesis Information
Department Department of Pediatrics
Faculties Faculty of Medicine
Universities Cairo University
Grant date 1995
Supervisory body Samiha Samuel Wissa
-- Hala Hussein Abd EL-aal
-- Nadia Kotb
905 ## - Cataloger and Reviser Names
Cataloger Name Eman El gebaly
942 ## - ADDED ENTRY ELEMENTS (KOHA)
Source of classification or shelving scheme Dewey Decimal Classification
Koha item type Thesis
Edition 21
Suppress in OPAC No
المقتنيات
Source of classification or shelving scheme Home library Current library Date acquired Inventory number Full call number Barcode Date last seen Effective from Koha item type
Dewey Decimal Classification المكتبة المركزبة الجديدة - جامعة القاهرة مكتبة المئوية 22.04.2026 26914 Cai01.11.24/28.M.Sc.1995.Je.C. 01010110026914000 22.04.2026 22.04.2026 Thesis
Cairo University Libraries Portal Implemented & Customized by: Eng. M. Mohamady Contacts: new-lib@cl.cu.edu.eg | cnul@cl.cu.edu.eg
CUCL logo CNUL logo
© All rights reserved — Cairo University Libraries
CUCL logo
Implemented & Customized by: Eng. M. Mohamady Contact: new-lib@cl.cu.edu.eg © All rights reserved — New Central Library
CNUL logo
Implemented & Customized by: Eng. M. Mohamady Contact: cnul@cl.cu.edu.eg © All rights reserved — Cairo National University Library